[Event "30th Cracovia Festival-A 2019"]
[Site "Krakow"]
[Date "2019.12.28"]
[Round "2.18"]
[White "Bugalski, Michal"]
[Black "Lewtak, Damian"]
[Result "0-1"]
[WhiteElo "2241"]
[BlackElo "2379"]
[Annotator "ChessBase"]
[PlyCount "86"]
[EventDate "2019.12.27"]
[EventCountry "POL"]
[SourceTitle "playchess.com"]
[Source "ChessBase"]
[SourceQuality "1"]

1. f4 g6 2. Nf3 Bg7 3. g3 d5 4. Bg2 Nh6 5. O-O Nf5 6. Nc3 c6 7. Qe1 Nd6 8. d3 d4 9. Nd1 O-O 10. e4 dxe3 11. Nxe3 Nd7 12. d4 c5 13. c3 cxd4 14. Nxd4 e5 15. fxe5 Nxe5 16. Qd1 Ndc4 17. Nd5 Nc6 18. Nb5 N4e5 19. Be3 Bg4 20. Qe1 b6 21. h3 Bf5 22. Nf4 Bd7 23. Rd1 Rb8 24. Nd6 Qe7 25. Ne4 Be6 26. Nxe6 Qxe6 27. Rd6 Qxa2 28. Nf6+ Bxf6 29. Rfxf6 Na5 30. Bd4 Rbe8 31. Bxe5 Nc4 32. Rd5 Re7 33. Rf4 f6 34. Rb5 Nxe5 35. Qf1 Kg7 36. Bd5 Qa6 37. Bg2 Rd8 38. Kh2 Nd3 39. Rd5 Rxd5 40. Bxd5 Re1 41. Bc4 Rxf1 42. Bxa6 Rxf4 43. gxf4 Nxb2 0-1

[Event "30th Cracovia Festival-A 2019"]
[Site "Krakow"]
[Date "2019.12.28"]
[Round "2.19"]
[White "Webersberger, Johann"]
[Black "Chmiel, Marcin"]
[Result "1-0"]
[WhiteElo "2358"]
[BlackElo "2230"]
[Annotator "ChessBase"]
[PlyCount "81"]
[EventDate "2019.12.27"]
[EventCountry "POL"]
[SourceTitle "playchess.com"]
[Source "ChessBase"]
[SourceQuality "1"]

1. c4 c6 2. Nf3 d5 3. e3 Nf6 4. d4 Bg4 5. Nc3 e6 6. h3 Bxf3 7. Qxf3 Nbd7 8. cxd5 exd5 9. Bd3 Bd6 10. Bd2 Qe7 11. O-O O-O 12. Rfe1 Rae8 13. e4 dxe4 14. Bxe4 Nxe4 15. Nxe4 Bb8 16. a3 Qd8 17. Bb4 f5 18. Qb3+ Kh8 19. Nd6 Bxd6 20. Bxd6 Rf6 21. Bf4 h6 22. Qxb7 Re4 23. Rxe4 fxe4 24. Bg3 Nb6 25. Be5 Rg6 26. Re1 Qg5 27. g3 Qf5 28. Qa6 Nd5 29. Qe2 e3 30. Kg2 exf2 31. Qxf2 Qd3 32. Qf3 Qc2+ 33. Re2 Qc1 34. Rf2 Ne3+ 35. Kh2 Nd1 36. Re2 Qb1 37. Rd2 Nxb2 38. Qb3 Qe4 39. Qxb2 c5 40. dxc5 Re6 41. Re2 1-0

[Event "30th Cracovia Festival-A 2019"]
[Site "Krakow"]
[Date "2019.12.28"]
[Round "2.20"]
[White "Klepek, Witold"]
[Black "Kruglyakov, Pavlo"]
[Result "0-1"]
[WhiteElo "2201"]
[BlackElo "2357"]
[Annotator "NA"]
[PlyCount "74"]
[EventDate "2019.12.27"]
[EventCountry "POL"]
[SourceTitle "playchess.com"]
[Source "ChessBase"]
[SourceQuality "1"]

1. e4 c5 2. Nf3 d6 3. d4 cxd4 4. Nxd4 Nf6 5. Nc3 a6 6. a3 e5 7. Nf5 d5 8. Bg5 d4 9. Bxf6 gxf6 10. Nb1 Qb6 11. Nd2 Be6 12. Bc4 Qc6 13. Bxe6 fxe6 14. Qh5+ Kd8 15. Nh6 Qe8 16. Qh3 Nd7 17. f3 Rc8 18. Rc1 Qg6 19. Ng4 Rg8 20. O-O h5 21. Nf2 Bh6 22. Rfd1 Be3 23. c3 Qg5 24. Nb3 Bxc1 25. Nxc1 dxc3 26. bxc3 Rxc3 27. Ne2 Rc2 28. f4 Qxg2+ 29. Qxg2 Rxg2+ 30. Kxg2 Rxe2 31. fxe5 fxe5 32. Rd3 Ke7 33. Kg3 Nc5 34. Rc3 Kd6 35. Rc4 b5 36. Rb4 Rxf2 37. Kxf2 Nd3+ 0-1

[Event "30th Cracovia Festival-A 2019"]
[Site "Krakow"]
[Date "2019.12.28"]
[Round "2.21"]
[White "Dietmayer-Kraeutler, Marco"]
[Black "Bombek, Peter"]
[Result "0-1"]
[WhiteElo "2342"]
[BlackElo "2154"]
[Annotator "NA"]
[PlyCount "60"]
[EventDate "2019.12.27"]
[EventCountry "POL"]
[SourceTitle "playchess.com"]
[Source "ChessBase"]
[SourceQuality "1"]

1. d4 d5 2. c4 e6 3. Nc3 Be7 4. Bf4 Nf6 5. e3 O-O 6. Nf3 b6 7. cxd5 Nxd5 8. Bg3 Bb7 9. Bd3 c5 10. O-O cxd4 11. exd4 Nd7 12. Rc1 N7f6 13. Nb5 Nb4 14. Bc7 Qd7 15. Ne5 Qd5 16. f3 Nxd3 17. Qxd3 Rfc8 18. Nc3 Qa5 19. Ne4 Ba6 20. Qb3 Bxf1 21. Nc6 Rxc7 22. Nxa5 Rxc1 23. Qe3 Rcc8 24. Nb7 Nxe4 25. Kxf1 Nd6 26. Nxd6 Bxd6 27. f4 Rc2 28. h4 Rac8 29. h5 Rxb2 30. h6 Rcc2 0-1

[Event "30th Cracovia Festival-A 2019"]
[Site "Krakow"]
[Date "2019.12.28"]
[Round "2.22"]
[White "Evchin, Maxim"]
[Black "Lisowski, Krzysztof"]
[Result "1/2-1/2"]
[WhiteElo "2315"]
[BlackElo "2176"]
[Annotator "NA"]
[PlyCount "67"]
[EventDate "2019.12.27"]
[EventCountry "POL"]
[SourceTitle "playchess.com"]
[Source "ChessBase"]
[SourceQuality "1"]

1. e4 c5 2. Nf3 Nc6 3. d4 cxd4 4. Nxd4 Nf6 5. Nc3 e5 6. Ndb5 d6 7. Bg5 a6 8. Na3 b5 9. Nd5 Be7 10. Bxf6 Bxf6 11. c3 O-O 12. Nc2 Rb8 13. Be2 Bg5 14. O-O Be6 15. Qd3 Qd7 16. Qg3 Bd8 17. Nce3 Kh8 18. Rfd1 g6 19. Rd2 f5 20. exf5 gxf5 21. f4 Qf7 22. Rf1 Rg8 23. Qf3 exf4 24. Nxf4 Ne5 25. Qh3 Bxa2 26. Nxf5 Nc4 27. Rd4 Bb6 28. Nh6 Qg7 29. Ne6 Bxd4+ 30. cxd4 Qxg2+ 31. Qxg2 Rxg2+ 32. Kxg2 Ne3+ 33. Kf2 Nxf1 34. Nf7+ 1/2-1/2

[Event "30th Cracovia Festival-A 2019"]
[Site "Krakow"]
[Date "2019.12.28"]
[Round "2.23"]
[White "Zochowski, Kacper"]
[Black "Golenia, Jan"]
[Result "1/2-1/2"]
[WhiteElo "2313"]
[BlackElo "2127"]
[Annotator "ChessBase"]
[PlyCount "78"]
[EventDate "2019.12.27"]
[EventCountry "POL"]
[SourceTitle "playchess.com"]
[Source "ChessBase"]
[SourceQuality "1"]

1. Nf3 d6 2. d4 Nd7 3. c4 g6 4. Nc3 Bg7 5. g3 e5 6. Bg2 Nh6 7. Bg5 f6 8. Bxh6 Bxh6 9. h4 c6 10. h5 Qe7 11. e3 Nb6 12. hxg6 hxg6 13. Nh4 Bg5 14. Ne4 Bxh4 15. c5 Nc4 16. d5 dxc5 17. dxc6 f5 18. Nc3 Nxe3 19. fxe3 Bxg3+ 20. Ke2 Rxh1 21. Qxh1 e4 22. Qh6 Qf6 23. Rd1 bxc6 24. Kd2 Ba6 25. Kc1 Be5 26. Nxe4 fxe4 27. Bxe4 Bc4 28. Bxg6+ Ke7 29. Qh7+ Kf8 30. Bd3 Bxb2+ 31. Kb1 Bg8 32. Qb7 Rd8 33. Rf1 Rxd3 34. Qc8+ Kf7 35. Qc7+ Kf8 36. Qc8+ Kf7 37. Qc7+ Kf8 38. Qc8+ Kf7 39. Qc7+ Kf8 1/2-1/2

[Event "30th Cracovia Festival-A 2019"]
[Site "Krakow"]
[Date "2019.12.28"]
[Round "2.24"]
[White "Punin, Andrii"]
[Black "Jankowiak, Tomasz"]
[Result "1/2-1/2"]
[WhiteElo "2311"]
[BlackElo "2111"]
[Annotator "NA"]
[PlyCount "141"]
[EventDate "2019.12.27"]
[EventCountry "POL"]
[SourceTitle "playchess.com"]
[Source "ChessBase"]
[SourceQuality "1"]

1. d4 d5 2. Nf3 Nf6 3. g3 e6 4. Bg2 Be7 5. c4 O-O 6. O-O dxc4 7. Ne5 Nc6 8. Bxc6 bxc6 9. Nxc6 Qe8 10. Nxe7+ Qxe7 11. Qa4 e5 12. dxe5 Qxe5 13. Qxc4 Be6 14. Qc2 Bf5 15. Qd2 Rfe8 16. Re1 Ne4 17. Qf4 Qa5 18. Bd2 Qb5 19. b3 Bh3 20. Nc3 Nxc3 21. Bxc3 Rxe2 22. Rxe2 Qxe2 23. Qd4 Qg4 24. Qxg4 Bxg4 25. Re1 Be6 26. Re5 c6 27. f4 g6 28. Ra5 a6 29. Bf6 Bd5 30. Ra4 Kf8 31. Rb4 a5 32. Rb7 a4 33. bxa4 Ke8 34. Re7+ Kf8 35. Rd7 Ke8 36. Rd6 Be6 37. a5 Bd7 38. Bc3 Ke7 39. Bb4 c5 40. Bxc5 Rxa5 41. Bb4 Ra4 42. a3 Ke8 43. Kf2 Ra8 44. Kf3 h5 45. Rd2 Bg4+ 46. Ke4 Rd8 47. Bd6 Rc8 48. Ke5 Rc1 49. Kf6 Rd1 50. Rxd1 Bxd1 51. f5 Bc2 52. fxg6 fxg6 53. Ke5 Kd7 54. Kd5 Kc8 55. Kc6 Bd1 56. Kb5 Kb7 57. a4 Be2+ 58. Kc5 Ka6 59. Bc7 Bd3 60. a5 Bb1 61. Kd4 Bf5 62. Bb6 Bb1 63. Ke5 Bc2 64. Kf4 Bb1 65. Kg5 Bc2 66. h3 Bb1 67. g4 hxg4 68. Kxg4 Bc2 69. Kg5 Bb1 70. h4 Bc2 71. h5 1/2-1/2

[Event "30th Cracovia Festival-A 2019"]
[Site "Krakow"]
[Date "2019.12.29"]
[Round "3.1"]
[White "Moroni, Luca Jr"]
[Black "Nikitenko, Mihail"]
[Result "1/2-1/2"]
[WhiteElo "2528"]
[BlackElo "2422"]
[Annotator "ChessBase"]
[PlyCount "82"]
[EventDate "2019.12.27"]
[EventCountry "POL"]
[SourceTitle "playchess.com"]
[Source "ChessBase"]
[SourceQuality "1"]

1. Nf3 Nf6 2. g3 d5 3. Bg2 Bf5 4. O-O e6 5. d3 h6 6. c4 c6 7. cxd5 exd5 8. Qb3 Qb6 9. Qc2 Be7 10. Nc3 O-O 11. e4 Bh7 12. Be3 Qd8 13. Qb3 Na6 14. Rfd1 Ng4 15. Bd4 Nc5 16. Bxc5 Bxc5 17. d4 dxe4 18. dxc5 Qf6 19. Rd6 Qf5 20. Nxe4 Qxe4 21. h3 Nf6 22. Qxb7 Rab8 23. Qxc6 Qb4 24. b3 Qc3 25. Re1 Rbc8 26. Qa4 Qxc5 27. Qd4 Qa3 28. Rxf6 gxf6 29. Qxf6 Rc1 30. Rxc1 Qxc1+ 31. Kh2 Be4 32. Nh4 Bxg2 33. Nxg2 Qd2 34. Ne3 Re8 35. Nc4 Qg5 36. Qd4 a6 37. Ne3 Re6 38. Kg2 Qe5 39. Qc4 h5 40. h4 Qb2 41. Nd5 Qe5 1/2-1/2

[Event "30th Cracovia Festival-A 2019"]
[Site "Krakow"]
[Date "2019.12.29"]
[Round "3.2"]
[White "Kopylov, Michael"]
[Black "Tazbir, Marcin"]
[Result "1/2-1/2"]
[WhiteElo "2411"]
[BlackElo "2525"]
[Annotator "TA"]
[PlyCount "150"]
[EventDate "2019.12.27"]
[EventCountry "POL"]
[SourceTitle "playchess.com"]
[Source "ChessBase"]
[SourceQuality "1"]

{[%evp 18,150,31,32,50,47,79,70,97,109,119,104,116,108,114,77,66,50,60,32,25,22,28,0,12,10,16,19,40,39,49,50,53,54,41,45,82,90,165,115,128,129,125,87,136,77,77,70,78,77,87,82,85,78,83,0,77,77,89,87,87,78,67,71,73,46,69,54,67,52,66,61,69,64,64,45,41,36,70,75,64,53,85,59,76,69,93,54,58,0,0,0,81,68,79,0,60,0,82,79,84,80,91,65,65,63,62,65,69,31,50,17,17,16,18,12,123,15,15,20,20,20,18,15,15,15,15,15,15,0,0,0,0,0,0]} 1. d4 Nf6 2. c4 c5 3. d5 e6 4. Nc3 exd5 5. cxd5 d6 6. Nf3 g6 7. Bf4 a6 8. a4 Bg7 9. h3 O-O 10. e3 Re8 {A61: Modern Benoni: Nf3 without early e4} (10... Qe7 11. Bd3 Nbd7 12. O-O Ne8 13. e4 Rb8 14. Re1 Nc7 15. Qd2 Ne5 16. Nxe5 Bxe5 17. Bxe5 Qxe5 18. a5 {1-0 (42) Akobian,V (2647)-Ponkratov,P (2613) Riadh 2017}) 11. Nd2 Bf8 12. Be2 Nbd7 {White is slightly better.} 13. O-O Qc7 $146 ({Predecessor:} 13... Rb8 14. Bh2 b5 {½-½ (14) Kozak,M (2290)-Sikora Lerch,J (2385) Frydek Mistek 1998}) 14. Qc2 b6 15. Bh2 Rb8 16. e4 c4 17. Bxc4 b5 $1 {[%cal Rb5c4]} 18. axb5 axb5 19. Bd3 {Threatens to win with Rfc1.} b4 $1 {[%cal Rb4c3]} 20. Na4 Qxc2 21. Bxc2 Ba6 22. Rfe1 Rbc8 23. Bb3 Bh6 24. Nf3 $1 $36 {[%mdl 2048] White is pushing.} Bd3 25. e5 dxe5 26. Nxe5 Nxe5 27. Bxe5 Bd2 (27... Nd7 $16 28. Bd6 Be2) 28. Red1 Rxe5 29. Rxd2 Bb5 30. Rd4 Bxa4 31. Bxa4 (31. Rxa4 $142 Re1+ 32. Kh2) 31... Rxd5 $16 32. Rxb4 Rc7 33. Rd1 Re5 34. Rbd4 Re2 35. R4d2 Re4 36. Rd4 Re2 $1 37. R1d2 Re1+ 38. Kh2 Rb1 39. Bd1 Rb7 40. b3 Kg7 41. Rf4 h6 42. Rd6 Ne8 43. Rd8 Nf6 44. Rd2 Rb6 45. Rc4 Ne8 46. Rd8 Nd6 47. Rd4 Nf5 48. Rd2 Ne7 49. R8d7 Nf5 50. Bf3 Rf6 51. Bd5 Nd6 52. Re2 Rd1 53. Bf3 (53. Ba8 $14) 53... Rb1 $1 $11 54. Rd2 ({White should play} 54. Ba8 $11) 54... Nf5 $16 55. Rb7 Nd6 56. Rd7 Nf5 57. Bd5 Nd6 58. Rd3 Nf5 59. Rf3 Rd1 60. g4 Ne7 $1 {[#] White must now prevent ...Rxf3.} 61. Rxe7 Rxd5 62. Rxf6 Kxf6 $14 {[%mdl 4096] Endgame KR-KR} 63. Re3 h5 64. Kg3 hxg4 65. hxg4 Rd4 66. f3 Rd2 {[#]} (66... Kg5 $11 {keeps the balance.}) 67. Rc3 (67. Kf4 $1 $16) 67... g5 $11 {The position is equal.} 68. Rc6+ Kg7 69. Rb6 Rc2 70. b4 Rb2 71. Rb5 Kg6 72. Rb8 Kg7 73. b5 Kf6 74. b6 Kg7 75. b7 Kh7 {Accuracy: White = 49%, Black = 62%.} 1/2-1/2

[Event "30th Cracovia Festival-A 2019"]
[Site "Krakow"]
[Date "2019.12.29"]
[Round "3.3"]
[White "Vetoshko, Volodymyr"]
[Black "Nurkiewicz, Maciej"]
[Result "1-0"]
[WhiteElo "2511"]
[BlackElo "2340"]
[Annotator "ChessBase"]
[PlyCount "131"]
[EventDate "2019.12.27"]
[EventCountry "POL"]
[SourceTitle "playchess.com"]
[Source "ChessBase"]
[SourceQuality "1"]

1. e4 e5 2. Nf3 Nf6 3. Nxe5 d6 4. Nf3 Nxe4 5. Qe2 Qe7 6. d3 Nf6 7. Bg5 Qxe2+ 8. Bxe2 Be7 9. Nc3 h6 10. Bd2 Bf5 11. O-O-O Nc6 12. h3 O-O-O 13. g4 Bh7 14. Rdf1 d5 15. Bd1 d4 16. Ne2 Rhe8 17. Rfg1 Bb4 18. h4 Bxd2+ 19. Kxd2 Ne5 20. Nxe5 Rxe5 21. g5 Ne8 22. f4 Re7 23. Ng3 f5 24. Re1 Kd7 25. Rxe7+ Kxe7 26. Re1+ Kf8 27. Re5 Nd6 28. Bf3 c6 29. gxh6 gxh6 30. Re6 Bg8 31. Rxh6 Ke7 32. Rg6 Bf7 33. Rg5 Rh8 34. h5 Kf6 35. Bg2 Rh6 36. Bf3 c5 37. a3 b6 38. Ne2 Ne8 39. c3 dxc3+ 40. bxc3 Nd6 41. Ng3 Be6 42. Nf1 Bf7 43. Ne3 Rh7 44. Nd5+ Ke6 45. Rg1 Bxh5 46. Re1+ Ne4+ 47. Bxe4 fxe4 48. dxe4 Bg4 49. Rg1 Rh2+ 50. Kd3 Be2+ 51. Ke3 Bc4 52. f5+ Kf7 53. Kf4 Bxd5 54. exd5 Rc2 55. Rg3 Kf6 56. Rg6+ Kf7 57. Ke5 Rxc3 58. Rf6+ Kg7 59. Rg6+ Kf7 60. d6 c4 61. d7 Ke7 62. Rg7+ Kd8 63. Kd6 Rd3+ 64. Kc6 c3 65. f6 c2 66. Rg8# 1-0

[Event "30th Cracovia Festival-A 2019"]
[Site "Krakow"]
[Date "2019.12.29"]
[Round "3.4"]
[White "Zylka, Stanislaw"]
[Black "Girish, A. Koushik"]
[Result "0-1"]
[WhiteElo "2334"]
[BlackElo "2506"]
[Annotator "ChessBase"]
[PlyCount "78"]
[EventDate "2019.12.27"]
[EventCountry "POL"]
[SourceTitle "playchess.com"]
[Source "ChessBase"]
[SourceQuality "1"]

1. d4 Nf6 2. c4 e6 3. Nf3 d5 4. g3 Bb4+ 5. Bd2 Bd6 6. Nc3 O-O 7. Bg2 c6 8. O-O Nbd7 9. Rc1 dxc4 10. e4 e5 11. Bg5 h6 12. Bxf6 Qxf6 13. d5 Nb6 14. Nd2 Bd7 15. Qe2 cxd5 16. exd5 Rac8 17. Nce4 Qe7 18. Nxd6 Qxd6 19. Rfe1 Qb4 20. Nf1 Na4 21. b3 cxb3 22. axb3 Nc5 23. Ra1 a5 24. Qh5 Nxb3 25. Rab1 a4 26. Re4 Qd6 27. Rxe5 Rc3 28. Re3 Rfc8 29. Be4 b5 30. Rxc3 Rxc3 31. Re1 a3 32. Bb1 Rc1 33. Rxc1 Nxc1 34. Qd1 Qc5 35. Bc2 a2 36. Qxc1 Qd4 37. Qa3 a1=Q 38. Qe7 g6 39. Qxd7 Qe1 0-1

[Event "30th Cracovia Festival-A 2019"]
[Site "Krakow"]
[Date "2019.12.29"]
[Round "3.5"]
[White "Grinev, Valeriy"]
[Black "Milikow, Yoav"]
[Result "1/2-1/2"]
[WhiteElo "2441"]
[BlackElo "2236"]
[Annotator "NA"]
[PlyCount "112"]
[EventDate "2019.12.27"]
[EventCountry "POL"]
[SourceTitle "playchess.com"]
[Source "ChessBase"]
[SourceQuality "1"]

1. c4 e5 2. g3 Nf6 3. Bg2 d5 4. cxd5 Nxd5 5. Nf3 Nc6 6. O-O Nb6 7. d3 Be7 8. a3 {A20: English Opening: 1...e5} (8. Nbd2 O-O 9. b3 Be6 10. Bb2 f6 11. Rc1 Qd7 12. d4 exd4 13. Rxc6 bxc6 14. Nxd4 Nd5 15. Nc4 Rad8 {½-½ (25) Svidler,P (2729)-Giri,A (2779) Amsterdam 2019}) 8... a5 9. b3 Bf6 10. Ne1 h5 $146 ({Predecessor:} 10... e4 11. Ra2 Be6 12. Bb2 a4 13. Bxf6 Qxf6 14. Nd2 axb3 15. Nxe4 Qe7 {0-1 (33) Hoelzl,F (2415)-Guseinov,A (2430) Pula 1997}) 11. Bb2 h4 12. e3 hxg3 13. hxg3 Qd6 14. Nd2 {[#]} Be7 $1 15. Qe2 {[#]} Qg6 $1 ({Don't take} 15... Qh6 16. f4 $17) 16. Rc1 {[#]} Be6 (16... Bg4 $1 $17 {[%cal Rg4e2]} 17. f3 Bh3) 17. Rxc6 Qh6 18. Nef3 $17 (18. f4 $1 $11 {was the only way to keep the balance.} bxc6 19. Bxc6+ {[%mdl 64] Double Attack} Kf8 20. Bxa8 Nxa8 21. Nef3) 18... bxc6 19. Rc1 Bd7 20. Bxe5 Bxa3 21. Rc2 Bd6 22. Bd4 a4 23. bxa4 Rxa4 24. Ne4 Nd5 25. Nc5 Bxc5 26. Rxc5 Bh3 27. Nh4 Bxg2 28. Kxg2 Qe6 29. Qf3 Kd7 30. Rc1 Rh7 31. Qf5 Qxf5 32. Nxf5 g6 33. Nh4 Nf4+ 34. exf4 Rxd4 35. Nf3 Rd6 36. Ne5+ Kc8 37. Rc3 Rg7 38. Nxc6 f6 39. Kf3 Re6 40. Nd4 Rb6 41. Nc2 Rh7 42. Ne3 Rb2 43. Rc6 Rb6 44. Rc3 Kd8 45. f5 g5 46. Nc4 Rb5 47. g4 Rb1 48. Ne3 Rd7 49. Nc4 Rd4 50. Nd2 Rf4+ 51. Ke2 Rb2 52. f3 Ra4 53. Ke3 Raa2 54. Ne4 Re2+ 55. Kd4 Ra6 56. Rc4 Rb6 1/2-1/2

[Event "30th Cracovia Festival-A 2019"]
[Site "Krakow"]
[Date "2019.12.29"]
[Round "3.6"]
[White "Belous, Mikhail"]
[Black "Tomczak, Jacek"]
[Result "0-1"]
[WhiteElo "2349"]
[BlackElo "2605"]
[Annotator "ChessBase"]
[PlyCount "130"]
[EventDate "2019.12.27"]
[EventCountry "POL"]
[SourceTitle "playchess.com"]
[Source "ChessBase"]
[SourceQuality "1"]

1. d4 Nf6 2. c4 g6 3. f3 d5 4. cxd5 Nxd5 5. e4 Nb6 6. Nc3 Bg7 7. Be3 O-O 8. Qd2 e5 9. d5 c6 10. h4 cxd5 11. exd5 N8d7 12. h5 Nf6 13. hxg6 fxg6 14. O-O-O Bd7 15. Kb1 Rc8 16. Nh3 e4 17. Ng5 exf3 18. gxf3 Bf5+ 19. Ka1 Nc4 20. Bxc4 Rxc4 21. Qh2 Nh5 22. Nce4 Qa5 23. Qd2 Rb4 24. Rb1 Rd8 25. Bc5 Ra4 26. Qxa5 Rxa5 27. Rbd1 Rb5 28. Rh2 h6 29. a4 Ra5 30. Ka2 hxg5 31. b4 Rxa4+ 32. Kb3 Ra1 33. Rxa1 Bxa1 34. Ra2 Be5 35. Rxa7 Nf4 36. Rxb7 Rxd5 37. Nxg5 Bf6 38. Rb8+ Rd8 39. Rxd8+ Bxd8 40. Ne4 Nd3 41. Be3 Ne5 42. Nd2 Kf7 43. b5 Ke6 44. Kb4 Kd5 45. Nb3 Be7+ 46. Kc3 Nxf3 47. b6 Kc6 48. Na5+ Kb5 49. b7 Bf6+ 50. Kb3 Be5 51. Ba7 Nd2+ 52. Ka3 Kxa5 53. b8=Q Bxb8 54. Bxb8 Kb5 55. Kb2 Kc4 56. Kc1 Nf3 57. Kd1 Bd3 58. Bg3 g5 59. Bb8 Kd4 60. Bg3 Ke3 61. Kc1 g4 62. Kb2 Nd4 63. Ka3 Ne2 64. Bh2 Kf2 65. Kb4 Ng3 0-1

[Event "30th Cracovia Festival-A 2019"]
[Site "Krakow"]
[Date "2019.12.29"]
[Round "3.7"]
[White "Gumularz, Szymon"]
[Black "Kopylov, Daniel"]
[Result "1-0"]
[WhiteElo "2493"]
[BlackElo "2294"]
[Annotator "ChessBase"]
[PlyCount "121"]
[EventDate "2019.12.27"]
[EventCountry "POL"]
[SourceTitle "playchess.com"]
[Source "ChessBase"]
[SourceQuality "1"]

1. c4 g6 2. Nc3 c5 3. g3 Bg7 4. Bg2 Nc6 5. b3 e6 6. Ba3 d6 7. e3 Nge7 8. Nge2 O-O 9. O-O e5 10. Bb2 Be6 11. Nd5 Rb8 12. Nec3 a6 13. d3 b5 14. Qd2 Qd7 15. f4 b4 16. Nxe7+ Nxe7 17. Ne4 f5 18. Ng5 Kh8 19. a3 Bg8 20. Qc2 Nc6 21. Bxc6 Qxc6 22. axb4 Rxb4 23. fxe5 dxe5 24. Nf3 Re8 25. Bc3 Rb7 26. e4 fxe4 27. dxe4 h6 28. Nh4 Kh7 29. Ng2 Qe6 30. Ne3 h5 31. Nd5 h4 32. gxh4 Qg4+ 33. Kh1 Rxb3 34. Qxb3 Qxe4+ 35. Kg1 Bxd5 36. cxd5 Qe3+ 37. Rf2 e4 38. Rxa6 Rf8 39. Raa2 Bxc3 40. Kg2 Rf3 41. Qd1 Qf4 42. Rxf3 Qg4+ 43. Kh1 exf3 44. Rf2 Bd4 45. Qxf3 Qxh4 46. Qf7+ Bg7 47. Qf4 Qh5 48. Qf3 Qh4 49. d6 Qd4 50. Qh3+ Kg8 51. Qe6+ Kh7 52. d7 c4 53. Qh3+ Kg8 54. Qe6+ Kh7 55. Rf3 Qd1+ 56. Kg2 Qd2+ 57. Kh3 c3 58. Qe7 c2 59. Qh4+ Qh6 60. Qxh6+ Bxh6 61. Rc3 1-0

[Event "30th Cracovia Festival-A 2019"]
[Site "Krakow"]
[Date "2019.12.29"]
[Round "3.8"]
[White "Lewtak, Damian"]
[Black "Miroshnichenko, Pavel"]
[Result "1/2-1/2"]
[WhiteElo "2379"]
[BlackElo "2270"]
[Annotator "ChessBase"]
[PlyCount "64"]
[EventDate "2019.12.27"]
[EventCountry "POL"]
[SourceTitle "playchess.com"]
[Source "ChessBase"]
[SourceQuality "1"]

1. c4 e5 2. Nc3 Nf6 3. e3 d5 4. cxd5 Nxd5 5. Nf3 Nxc3 6. bxc3 Bd6 7. d4 Nd7 8. Qc2 exd4 9. cxd4 Bb4+ 10. Bd2 Bxd2+ 11. Nxd2 O-O 12. Bd3 Nf6 13. O-O h6 14. Rab1 Re8 15. Rfc1 Re7 16. Nc4 c6 17. Ne5 Ng4 18. Nf3 Be6 19. Bh7+ Kh8 20. Bf5 Qd5 21. Bxe6 Qxe6 22. Qb3 Qe4 23. Rc5 Rae8 24. h3 Nf6 25. Re5 Rxe5 26. Nxe5 Re7 27. f3 Qd5 28. Qxd5 Nxd5 29. Kf2 c5 30. Rc1 cxd4 31. exd4 Kh7 32. g3 f6 1/2-1/2

[Event "30th Cracovia Festival-A 2019"]
[Site "Krakow"]
[Date "2019.12.29"]
[Round "3.10"]
[White "Szpar, Milosz"]
[Black "Webersberger, Johann"]
[Result "1/2-1/2"]
[WhiteElo "2291"]
[BlackElo "2358"]
[Annotator "RC"]
[PlyCount "44"]
[EventDate "2019.12.27"]
[EventCountry "POL"]
[SourceTitle "playchess.com"]
[Source "ChessBase"]
[SourceQuality "1"]

1. e4 e6 2. d4 d5 3. Nd2 c5 4. exd5 Qxd5 5. Ngf3 cxd4 6. Bc4 Qd6 7. O-O Nf6 8. Nb3 Nc6 9. Nbxd4 Nxd4 10. Nxd4 a6 11. Re1 Qc7 12. Bb3 Bd6 13. Nf5 Bxh2+ 14. Kh1 O-O 15. Nxg7 Rd8 16. Qf3 Kxg7 17. Bh6+ Kg6 18. c3 Nh5 19. Bc1 Bf4 20. g4 Ng3+ 21. fxg3 Bxc1 22. Raxc1 b6 1/2-1/2

[Event "30th Cracovia Festival-A 2019"]
[Site "Krakow"]
[Date "2019.12.29"]
[Round "3.11"]
[White "Kruglyakov, Pavlo"]
[Black "Zherebtsova, Alexandra"]
[Result "1-0"]
[WhiteElo "2357"]
[BlackElo "2209"]
[Annotator "ChessBase"]
[PlyCount "85"]
[EventDate "2019.12.27"]
[EventCountry "POL"]
[SourceTitle "playchess.com"]
[Source "ChessBase"]
[SourceQuality "1"]

1. e4 e5 2. Nf3 Nc6 3. d4 exd4 4. Nxd4 Nf6 5. Nxc6 bxc6 6. e5 Qe7 7. Qe2 Nd5 8. h4 d6 9. c4 Nb6 10. exd6 cxd6 11. Be3 Be6 12. Qc2 Rc8 13. Nd2 d5 14. O-O-O Qb4 15. a3 Qa5 16. Bd4 c5 17. Bc3 Qa4 18. cxd5 Qxc2+ 19. Kxc2 Nxd5 20. Bb5+ Ke7 21. Be5 f6 22. Bg3 Kf7 23. Rhe1 Nc7 24. Ba4 Be7 25. Ne4 f5 26. Nd6+ Bxd6 27. Rxd6 f4 28. Bxf4 Bf5+ 29. Kc1 Ne6 30. Rd7+ Kg6 31. Rd6 Kf7 32. Rd7+ Kg6 33. Be5 Kh5 34. Bxg7 Rhg8 35. Bd1+ Kg6 36. Bc3 Nd4 37. Rxa7 Rge8 38. Rxe8 Rxe8 39. Bxd4 cxd4 40. Kd2 Rb8 41. b4 Rc8 42. Ra6+ Kf7 43. Rd6 1-0

[Event "30th Cracovia Festival-A 2019"]
[Site "Krakow"]
[Date "2019.12.29"]
[Round "3.12"]
[White "Sabuk, Piotr"]
[Black "Luba, Lukasz"]
[Result "1/2-1/2"]
[WhiteElo "2354"]
[BlackElo "2173"]
[Annotator "ChessBase"]
[PlyCount "97"]
[EventDate "2019.12.27"]
[EventCountry "POL"]
[SourceTitle "playchess.com"]
[Source "ChessBase"]
[SourceQuality "1"]

1. d4 d5 2. c4 e6 3. Nf3 Nf6 4. g3 c6 5. Bg2 Bb4+ 6. Nbd2 Ne4 7. O-O f5 8. Ne5 Bxd2 9. Bxd2 Nxd2 10. Qxd2 Nd7 11. Qe3 Nxe5 12. Qxe5 O-O 13. b4 Qf6 14. Qxf6 Rxf6 15. Rfc1 b5 16. cxd5 cxd5 17. Rc5 Kf8 18. Rxb5 Ba6 19. Ra5 Bxe2 20. Rc1 g5 21. Rc7 f4 22. Rxh7 Kg8 23. Rc7 f3 24. Bf1 Rf7 25. Rc3 Rb8 26. a3 Bxf1 27. Kxf1 Rb6 28. h3 Kg7 29. Ke1 Kg6 30. Kd2 g4 31. h4 Kf5 32. Re3 Kf6 33. Rc5 Rg7 34. Kc2 Rgb7 35. Kb3 Rd6 36. Re5 Rg7 37. Rc8 a5 38. b5 Rb6 39. a4 Rd6 40. Rf8+ Ke7 41. Rf4 Rd8 42. Rg5 Rxg5 43. hxg5 e5 44. dxe5 d4 45. Kc2 Rc8+ 46. Kd2 Rc4 47. g6 Rxa4 48. g7 Ra2+ 49. Kd3 1/2-1/2

[Event "30th Cracovia Festival-A 2019"]
[Site "Krakow"]
[Date "2019.12.29"]
[Round "3.13"]
[White "Bombek, Peter"]
[Black "Plichta, Kamil"]
[Result "0-1"]
[WhiteElo "2154"]
[BlackElo "2353"]
[Annotator "ChessBase"]
[PlyCount "110"]
[EventDate "2019.12.27"]
[EventCountry "POL"]
[SourceTitle "playchess.com"]
[Source "ChessBase"]
[SourceQuality "1"]

1. d4 Nf6 2. Bg5 d5 3. e3 c6 4. c3 Bg4 5. Qb3 Qb6 6. Nd2 Nbd7 7. Bd3 e6 8. h3 Bh5 9. Ne2 Bg6 10. Nf4 Bxd3 11. Nxd3 Be7 12. O-O h6 13. Bf4 O-O 14. Rfe1 c5 15. dxc5 Nxc5 16. Nxc5 Bxc5 17. Be5 Nd7 18. Bd4 Qc6 19. c4 dxc4 20. Qxc4 Bxd4 21. Qxc6 bxc6 22. exd4 c5 23. dxc5 Nxc5 24. Nc4 Rfd8 25. Red1 Nd3 26. Rd2 e5 27. Rad1 e4 28. f3 f5 29. g4 g6 30. Ne5 Rd6 31. gxf5 gxf5 32. Nxd3 Rad8 33. Kf2 exd3 34. Ke3 Re8+ 35. Kf4 Rd4+ 36. Kxf5 Re3 37. f4 Kf7 38. Rc1 Re2 39. Rcd1 Re3 40. Rc1 Rd5+ 41. Kg4 h5+ 42. Kh4 Kf6 43. Rg1 Kf5 44. Rg5+ Ke4 45. Kxh5 Rxh3+ 46. Kg4 Rxg5+ 47. fxg5 Rh8 48. Rg2 Rd8 49. g6 d2 50. Re2+ Kd3 51. Rxd2+ Kxd2 52. b4 Rd4+ 53. Kf5 Rxb4 54. g7 Rb8 55. Ke6 a5 0-1